Vacancia y suspensión de autoridades regionales y municipales : (Registro nro. 63190)

Detalles MARC
000 -LEADER
campo de control de longitud fija 02355cam a2200421 i 4500
003 - IDENTIFICADOR DE NÚMERO DE CONTROL
campo de control PE-LiUPU
005 - FECHA Y HORA DE LA ÚLTIMA TRANSACCIÓN
campo de control 20251222100632.0
008 - DATOS DE LONGITUD FIJA--INFORMACIÓN GENERAL
campo de control de longitud fija 2507 s2025 pe a rb 000 0 spa d
020 ## - NÚMERO INTERNACIONAL ESTÁNDAR DEL LIBRO
Número Internacional Estándar del Libro 9786123256005
035 ## - NÚMERO DE CONTROL DEL SISTEMA
Número de control de sistema PE-LiUPU00045
040 ## - FUENTE DE CATALOGACIÓN
Centro catalogador/agencia de origen PE-LiUPU
Lengua de catalogación spa
Centro/agencia transcriptor PE-LiUPU
Normas de descripción rda
041 0# - CÓDIGO DE IDIOMA
Código de lengua del texto/banda sonora o título independiente spa
082 04 - NÚMERO DE LA CLASIFICACIÓN DECIMAL DEWEY
Número de clasificación 343.5
Cutter N312v
Número de edición 23/spe
090 ## - LOCALMENTE ASIGNADO TIPO-LC NÚMERO DE CLASIFICACIÓN (OCLC); NÚMERO DE CLASIFICACIÓN LOCAL (RLIN)
Número de clasificación (OCLC) (R) ; Numero de clasificación, CALL (RLIN) (NR) 343.5
Número cutter local (OCLC) ; Número de libro/Signatura topográfica íntegra, CALL (RLIN) N28
100 1# - ENTRADA PRINCIPAL--NOMBRE DE PERSONA
Nombre de persona Naupari Wong, José Rodolfo,
Término indicativo de función/relación autor.
245 10 - MENCIÓN DEL TÍTULO
Título Vacancia y suspensión de autoridades regionales y municipales :
Resto del título jurisprudencia electoral 2023-2024 /
Mención de responsabilidad, etc. José Rodolfo Naupari Wong.
250 ## - MENCION DE EDICION
Mención de edición Primera edición.
264 #1 - PRODUCCIÓN, PUBLICACIÓN, DISTRIBUCIÓN, FABRICACIÓN Y COPYRIGHT
Producción, publicación, distribución, fabricación y copyright Lima :
Nombre del de productor, editor, distribuidor, fabricante Palestra Editores,
Fecha de producción, publicación, distribución, fabricación o copyright 2025.
264 #3 - PRODUCCIÓN, PUBLICACIÓN, DISTRIBUCIÓN, FABRICACIÓN Y COPYRIGHT
Producción, publicación, distribución, fabricación y copyright Impreso en el Perú.
300 ## - DESCRIPCIÓN FÍSICA
Extensión 536 páginas ;
Dimensiones 20.5 cm
336 ## - TIPO DE CONTENIDO
Término de tipo de contenido text
Fuente rdacontent
337 ## - TIPO DE MEDIO
Nombre/término del tipo de medio unmediated
Fuente rdamedia
338 ## - TIPO DE SOPORTE
Nombre/término del tipo de soporte volume
Fuente rdacarrier
500 ## - NOTA GENERAL
Nota general Incluye desarrollo doctrinal y análisis sistemático de la jurisprudencia electoral peruana sobre vacancia y suspensión de autoridades.
500 ## - NOTA GENERAL
Nota general Obra basada en resoluciones del Jurado Nacional de Elecciones correspondientes a los años 2023-2024.
504 ## - NOTA DE BIBLIOGRAFÍA, ETC.
Nota de bibliografía, etc. Incluye referencias normativas y jurisprudenciales.
505 0# - NOTA DE CONTENIDO CON FORMATO
Nota de contenido con formato Aproximación teórica a la vacancia y suspensión de autoridades -- Marco normativo de la declaratoria de vacancia y suspensión -- Vacancia y suspensión y Jurado Nacional de Elecciones -- Jurisprudencia electoral 2023-2024 -- Procedimientos, causales y reglas de votación -- Función administrativa y causales de vacancia.
520 ## - RESUMEN, ETC.
Sumario, etc. Estudio exhaustivo sobre la vacancia y suspensión de autoridades regionales y municipales en el Perú, que analiza el marco teórico, normativo y procedimental, así como la jurisprudencia electoral reciente del Jurado Nacional de Elecciones, con énfasis en principios de legalidad, debido procedimiento, legitimidad y control jurisdiccional.
650 #4 - PUNTO DE ACCESO ADICIONAL DE MATERIA--TÉRMINO DE MATERIA
Término de materia o nombre geográfico como elemento de entrada Derecho electoral.
650 #4 - PUNTO DE ACCESO ADICIONAL DE MATERIA--TÉRMINO DE MATERIA
Término de materia o nombre geográfico como elemento de entrada Jurisprudencia electoral
Subdivisión geográfica Perú.
650 #4 - PUNTO DE ACCESO ADICIONAL DE MATERIA--TÉRMINO DE MATERIA
Término de materia o nombre geográfico como elemento de entrada Gobiernos locales
Subdivisión general Aspectos jurídicos.
650 #4 - PUNTO DE ACCESO ADICIONAL DE MATERIA--TÉRMINO DE MATERIA
Término de materia o nombre geográfico como elemento de entrada Gobiernos regionales
Subdivisión general Aspectos jurídicos.
650 #4 - PUNTO DE ACCESO ADICIONAL DE MATERIA--TÉRMINO DE MATERIA
Término de materia o nombre geográfico como elemento de entrada Derecho administrativo.
856 40 - LOCALIZACIÓN Y ACCESO ELECTRÓNICOS
Identificador Uniforme de Recursos <a href="https://www.palestraeditores.com">https://www.palestraeditores.com</a>
Nota pública Sitio web de la editorial.
942 ## - ELEMENTOS DE ENTRADA SECUNDARIOS (KOHA)
Fuente del sistema de clasificación o colocación Clasificación Decimal Dewey
Tipo de ítem Koha Libros físicos
980 ## - EQUIVALENCIA O REFERENCIA-CRUZADA-MENCIÓN DE SERIE--NOMBRE DE PERSONA/TÍTULO [LOCAL, CANADÁ]
ID del usuario creador del registro 18228
Nombre del creador del registro Rebeca Esther Huerta Leyton
ID del último usuario que modificó el registro 18228
Nombre del último usuario que modificó el registro Rebeca Esther Huerta Leyton
Existencias
Visto por última vez Total de préstamos Signatura topográfica completa Código de barras Copia número Coste, precio de reemplazo Fecha de reemplazo Facultad Tipo de ítem Koha Estado de pérdida Fuente del sistema de clasificación o colocación Restricciones de uso No para préstamo Colección Programa académico Biblioteca de origen Biblioteca actual Ubicación en estantería Fecha de adquisición Fuente de adquisición Coste, precio normal de compra
2026-01-06   343.5 N312v 82924 e1 34.71 2025-12-22 FACIHED Libros físicos No Perdido Clasificación Decimal Dewey No restringido Disponible para préstamos Colección General Derecho presencial Biblioteca CRAI UPeU Lima Biblioteca CRAI UPeU Lima Sala principal 2025-12-19 Palestra Editores S.A.C 29.71
2026-01-06   343.5 N312v 82925 e2 34.71 2025-12-22 FACIHED Libros físicos No Perdido Clasificación Decimal Dewey No restringido Disponible para préstamos Colección General Derecho presencial Biblioteca CRAI UPeU Lima Biblioteca CRAI UPeU Lima Sala principal 2025-12-19 Palestra Editores S.A.C 29.71